Classifica Marcatori Serie A 2007-2008 - Statistics

Statistiche generali
  • Questo quiz è stato fatto 100 volte
  • Il punteggio medio è 14 su 20
Statistiche sulle risposte
Gol Nazione Squadra Calciatore % Corretto
21 Italia Juventus Alessandro Del Piero
99%
17 Italia Udinese Antonio Di Natale
98%
17 Svezia Inter Zlatan Ibrahimović
98%
20 Francia Juventus David Trezeguet
96%
14 Italia Roma Francesco Totti
96%
15 Brasile Milan Kakà
95%
17 Romania Fiorentina Adrian Mutu
94%
14 Macedonia del Nord Lazio Goran Pandev
94%
11 Italia Milan Filippo Inzaghi
79%
14 Italia Lazio Tommaso Rocchi
76%
13 Argentina Inter Julio Cruz
67%
15 Brasile/Italia Palermo Amauri
66%
12 Italia Udinese Fabio Quagliarella
66%
12 Italia Atalanta Cristiano Doni
63%
13 Italia Siena Massimo Maccarone
63%
19 Italia Genoa Marco Borriello
60%
12 Italia Reggina Nicola Amoruso
37%
10 Italia Cagliari Robert Acquafresca
29%
10 Italia Livorno Francesco Tavano
28%
12 Italia Sampdoria Claudio Bellucci
7%
Nessun quiz corrispondente trovato
Distribuzione punteggi
Percentuale di utenti per punteggio
Percentile per numero di risposta
I tuoi punteggi nel tempo
Non hai fatto questo quiz